000 00657nam a2200241Ia 4500
003 OSt
005 20220924131850.0
006 a|||||r|||| 00| 0
007 ta
008 220923b |||||||| |||| 00| 0 tel d
024 _a345440
037 _cTextual
040 _aARTS
_cARTS
_btel
041 _2tel
_atel
082 _aP35, 35N2
100 _aPrasad Rao Au.
_9203128
245 0 _aTelugu Vyakarna Chandrika
260 _aVijayawada
_bMahalakshmi Book Enterprises India
_c1992
300 _a300p.
_ccm.
650 _aTELUGU LANGUAGE
_9155493
942 _hP35, 35N2
_cTEXL
_2CC
999 _c428482
_d428482